[Event "41st Festival MTO"]
[Site "Biel SUI"]
[Date "2008.07.30"]
[Round "9"]
[White "Bindrich,F"]
[Black "Tyukhanov,A"]
[Result "1-0"]
[WhiteElo "2516"]
[BlackElo "2181"]
[EventDate "2008.07.21"]

1. d4 Nc6 2. Nf3 d5 3. g3 Bf5 4. Bg2 e6 5. O-O Bd6 6. c4 Nf6 7. Bg5 h6 8.
Bxf6 Qxf6 9. Nc3 Be4 10. cxd5 exd5 11. e3 Qe7 12. Qb3 Nb4 13. Nxe4 dxe4 14.
Nd2 f5 15. a3 Nd3 16. f3 Qg5 17. Nc4 Qe7 18. fxe4 fxe4 19. Qxb7 1-0

[Event "41st Festival MTO"]
[Site "Biel SUI"]
[Date "2008.07.30"]
[Round "9"]
[White "Huhndorf,A"]
[Black "Feuerstack,A"]
[Result "0-1"]
[WhiteElo "2285"]
[BlackElo "2355"]
[EventDate "2008.07.21"]

1. d4 d5 2. c4 c6 3. Nf3 Nf6 4. e3 Bf5 5. cxd5 cxd5 6. Qb3 Qc8 7. Bd2 e6 8.
Bb5+ Nc6 9. Bb4 a6 10. Bxf8 Kxf8 11. Bxc6 Qxc6 12. O-O Nd7 13. Nbd2 Ke7 14.
Rfc1 Qd6 15. Ne5 f6 16. Nxd7 Qxd7 17. Qb4+ Kf7 18. Nb3 Rhc8 19. Nc5 Qb5 20.
Qxb5 axb5 21. a3 Rc7 22. Rc3 b6 23. Ne4 Rxc3 24. Nxc3 b4 25. Nd1 Bc2 26. a4
Rxa4 27. Rc1 Bb3 28. Kf1 Ra2 29. Ke2 Bxd1+ 30. Kxd1 Rxb2 31. Ke1 b3 32.
Rc7+ Kg6 33. Rc6 b5 34. Rc1 b4 35. g3 Rc2 0-1

[Event "41st Festival MTO"]
[Site "Biel SUI"]
[Date "2008.07.30"]
[Round "9"]
[White "Jenni,F"]
[Black "Kim,Alex"]
[Result "0-1"]
[WhiteElo "2544"]
[BlackElo "2460"]
[EventDate "2008.07.21"]

1. d4 Nf6 2. Nf3 e6 3. Bg5 d5 4. c3 h6 5. Bh4 Be7 6. Nbd2 b6 7. e3 Bb7 8.
Bb5+ c6 9. Be2 Nbd7 10. O-O O-O 11. Re1 c5 12. a3 a6 13. b4 a5 14. bxc5
bxc5 15. Bb5 Ba6 16. Bxa6 Rxa6 17. Qa4 Qc7 18. Reb1 Bd6 19. Bxf6 Nxf6 20.
h3 Rc8 21. Kf1 cxd4 22. cxd4 Rc6 23. Ra2 Rc3 24. Ke2 Nd7 25. Rb5 Ra8 26.
Rb3 Rxb3 27. Qxb3 a4 28. Qd3 Rc8 29. Ne1 Nb6 30. Qb5 Qc6 31. Qxc6 Rxc6 32.
Nc2 Rc3 33. Nb1 Rb3 34. Nd2 Rb5 35. Kd3 Nc4 36. Nxc4 Rb3+ 37. Kd2 dxc4 38.
e4 Bf4+ 39. Ke2 Rd3 40. g3 Bc1 41. Nb4 Rxd4 42. f3 c3 43. Nd3 Bb2 44. Ke3
c2 0-1

[Event "41st Festival MTO"]
[Site "Biel SUI"]
[Date "2008.07.30"]
[Round "9"]
[White "Onoprienko,V"]
[Black "Klauser,M"]
[Result "0-1"]
[WhiteElo "2309"]
[BlackElo "2394"]
[EventDate "2008.07.21"]

1. e4 e5 2. Nf3 Nc6 3. Bb5 a6 4. Ba4 Nf6 5. O-O Be7 6. Re1 b5 7. Bb3 d6 8.
c3 O-O 9. h3 Na5 10. Bc2 c5 11. d4 Nd7 12. Nbd2 exd4 13. cxd4 Nc6 14. a4
Nxd4 15. Nxd4 cxd4 16. axb5 Qb6 17. Nf3 Bf6 18. Bg5 Be5 19. Bb3 Bb7 20.
bxa6 Rxa6 21. Rxa6 Bxa6 22. Ba4 Nc5 23. Nxe5 dxe5 24. Be7 Rb8 25. b3 Nd3
26. Re2 Nf4 27. Rc2 Qg6 28. g3 Bb7 29. Kh2 Bxe4 30. Rc7 Nd5 31. Rd7 Nxe7
32. Rxe7 Qf6 33. Qe2 Qxe7 34. Qxe4 Rd8 35. Bb5 g6 36. g4 Qg5 37. Kg2 0-1

[Event "41st Festival MTO"]
[Site "Biel SUI"]
[Date "2008.07.30"]
[Round "9"]
[White "Benkovic,P"]
[Black "Narayanan,Sr"]
[Result "1/2-1/2"]
[WhiteElo "2479"]
[BlackElo "2220"]
[EventDate "2008.07.21"]

1. d4 Nf6 2. c3 d5 3. Bf4 Bf5 4. e3 e6 5. Bd3 Bxd3 6. Qxd3 Nbd7 7. Nd2 Bd6
8. Ne2 Bxf4 9. Nxf4 O-O 10. O-O e5 11. dxe5 Nxe5 12. Qf5 Re8 13. Rfd1 Qe7
14. Nf1 c6 15. Ng3 g6 16. Qc2 Nc4 17. b3 Nd6 18. c4 dxc4 19. bxc4 Rad8 20.
Qa4 a6 21. Qb3 Rd7 22. Rd4 Red8 23. Rad1 b5 24. cxb5 axb5 25. a4 bxa4 26.
Qxa4 Nb5 27. Rxd7 Rxd7 28. Qa8+ Qf8 29. Qa1 Qa3 30. Qb1 Nc3 31. Qb8+ Qf8
32. Qxf8+ Kxf8 33. Rc1 Rd1+ 34. Rxd1 Nxd1 35. Nd3 Nc3 36. f3 Na4 37. e4 c5
38. Ne5 Ke7 39. Kf2 Nd7 40. Nc6+ Kd6 41. Na5 Ndb6 42. Ke3 Kc7 43. Nf1 Nb2
44. Nd2 f6 45. f4 Kd6 46. g4 Nd1+ 47. Ke2 Nb2 48. Ke3 Nd1+ 49. Kf3 Nb2 50.
Ke3 Nd1+ 51. Ke2 Nb2 1/2-1/2

[Event "41st Festival MTO"]
[Site "Biel SUI"]
[Date "2008.07.30"]
[Round "9"]
[White "Hug,W"]
[Black "Baramidze,D"]
[Result "1-0"]
[WhiteElo "2437"]
[BlackElo "2593"]
[EventDate "2008.07.21"]

1. e4 c5 2. b4 cxb4 3. a3 bxa3 4. Nf3 d6 5. d4 Nf6 6. Nc3 e6 7. Bd3 Be7 8.
O-O Nc6 9. Bxa3 O-O 10. Qe2 e5 11. d5 Na5 12. Nd2 b6 13. Ra2 Bd7 14. Rfa1
Qb8 15. h3 Rc8 16. Nd1 Ne8 17. Ne3 Bg5 18. Rf1 Nb7 19. Nf3 Bxe3 20. Qxe3
Nc5 21. Nh2 Nxd3 22. cxd3 a5 23. f4 b5 24. fxe5 dxe5 25. Raf2 f6 26. Bb2 a4
27. Qg3 a3 28. Bxe5 Qb6 29. Kh1 b4 30. Nf3 b3 31. Bd4 Qb8 32. e5 b2 33. Kh2
Rc1 34. Nd2 Rxf1 35. Rxf1 a2 36. exf6 Nxf6 37. d6 Ng4+ 38. hxg4 a1=Q 39.
Qe5 Qf8 40. Rxf8+ Kxf8 1-0

[Event "41st Festival MTO"]
[Site "Biel SUI"]
[Date "2008.07.30"]
[Round "9"]
[White "Grachev,B"]
[Black "Ramesh,R"]
[Result "1-0"]
[WhiteElo "2640"]
[BlackElo "2478"]
[EventDate "2008.07.21"]

1. Nf3 Nf6 2. c4 c6 3. d4 d5 4. Nc3 e6 5. g3 dxc4 6. Bg2 b5 7. a4 Qb6 8.
O-O Bb7 9. Ne5 Be7 10. b3 cxb3 11. Qxb3 b4 12. Nc4 Qa6 13. Na2 c5 14. Bxb7
Qxb7 15. dxc5 Bxc5 16. Na5 Qd5 17. Rb1 Qh5 18. Qf3 Qxf3 19. exf3 Nd5 20.
Bd2 Na6 21. Nc6 Kd7 22. Ne5+ Ke7 23. Nd3 Rhc8 24. Nxc5 Rxc5 25. Nxb4 Naxb4
26. Bxb4 Nxb4 27. Rxb4 Rac8 28. Kg2 a5 29. Rb7+ R8c7 30. Rfb1 Kd6 31. R7b6+
Kd7 32. R6b5 Rd5 33. Rxd5+ exd5 34. Rb5 Kc6 35. Rxa5 g5 36. Kf1 Re7 37. Ra8
Kc5 38. a5 Kd4 39. a6 Re6 40. g4 h6 41. Kg2 Rd6 42. f4 gxf4 43. Kf3 Kd3 44.
Kxf4 d4 45. Ke5 Rb6 46. Kd5 Rb5+ 47. Kc6 Rb2 48. a7 Ra2 49. Kb6 Rb2+ 50.
Kc5 Ra2 51. h4 Kc3 52. Rc8 1-0

[Event "41st Festival MTO"]
[Site "Biel SUI"]
[Date "2008.07.30"]
[Round "9"]
[White "Cebalo,M"]
[Black "Berczes,D"]
[Result "1-0"]
[WhiteElo "2523"]
[BlackElo "2458"]
[EventDate "2008.07.21"]

1. d4 e6 2. c4 b6 3. a3 Bb7 4. Nc3 f5 5. d5 Nf6 6. g3 Na6 7. Bg2 Nc5 8. Nf3
Nce4 9. O-O Nxc3 10. bxc3 Bc5 11. Nd4 Ne4 12. Be3 Qf6 13. Bxe4 fxe4 14. Nb5
O-O 15. Bxc5 bxc5 16. Nxc7 Rac8 17. Rb1 Rxc7 18. d6 Rc6 19. Rxb7 Qxc3 20.
Rxd7 Qxc4 21. e3 Qd5 22. Qg4 Qe5 23. Rd1 h5 24. Qg6 Qf6 25. Qxf6 gxf6 26.
Rc7 Rb6 27. Rxc5 Rd8 28. d7 Kf7 29. Rxh5 f5 30. Rh7+ Kf6 31. h4 Ra6 32. Rc1
Kg6 33. Rc8 Kxh7 34. Rxd8 Rd6 35. Re8 Rxd7 36. Rxe6 Kg7 37. Kg2 Kf7 38. Ra6
Rb7 39. h5 Kg7 40. a4 Rc7 41. g4 fxg4 42. Kg3 Rf7 43. Rg6+ Kh7 44. Rxg4 Re7
45. Rg6 Re5 46. Ra6 Rxh5 47. Rxa7+ Kg6 48. Re7 1-0

[Event "41st Festival MTO"]
[Site "Biel SUI"]
[Date "2008.07.30"]
[Round "9"]
[White "Skoberne,J"]
[Black "Mas,H"]
[Result "0-1"]
[WhiteElo "2499"]
[BlackElo "2386"]
[EventDate "2008.07.21"]

1. e4 c5 2. c3 g6 3. d4 cxd4 4. cxd4 d5 5. Nc3 dxe4 6. Bc4 Nc6 7. Nge2 a6
8. Bg5 Na5 9. Bd5 Nf6 10. Bxf6 exf6 11. Bxe4 f5 12. Bd5 Bd6 13. h4 h5 14.
Qd2 Bd7 15. O-O-O Rc8 16. Kb1 Kf8 17. g3 b5 18. Nf4 Nc4 19. Bxc4 bxc4 20.
d5 Qf6 21. Rhe1 Kg8 22. Ne6 Be5 23. Nd4 Qd6 24. f4 Bf6 25. Nf3 Kg7 26. Re3
Rhd8 27. Ne5 Rc5 28. Qe2 Bb5 29. a4 Bd7 30. Nxc4 Qb8 31. Ne5 Qb7 32. Rd4
Rb8 33. Qd2 Bd8 34. Qc2 Ba5 35. Rc4 Rxc4 36. Nxc4 Bd8 37. Re2 Bf6 38. Ne5
Be8 39. Qd1 Qb4 40. Qc2 Rc8 41. Ka2 Bd8 42. Nd3 Qc4+ 43. Qb3 Qxb3+ 44. Kxb3
Kf8 45. Ne5 Be7 46. Rd2 Bd6 47. Nc4 Bc5 48. Kc2 f6 49. b3 Bf7 50. Nd1 Bb4
51. Rd3 Rd8 52. Nc3 Kg7 53. Ne3 Bc5 54. Kd2 Kf8 55. Nc2 Rb8 56. Na2 g5 57.
Ke2 Re8+ 58. Ne3 gxf4 59. gxf4 Re4 60. Kf3 Bd6 61. Ng2 Ke7 62. Nc3 Rb4 63.
Ne3 Rxf4+ 64. Kg2 Kd7 65. Rd1 Bc5 66. Nf1 Rf2+ 67. Kh1 Rf3 68. Ne2 Rxb3 69.
Nfg3 Bg6 70. Kg2 Bd6 71. Rf1 Rb2 72. Kh3 Rb3 73. Nf4 Bf7 74. Kh2 Rb4 75.
Ng2 Rg4 0-1

[Event "41st Festival MTO"]
[Site "Biel SUI"]
[Date "2008.07.30"]
[Round "9"]
[White "Rasch,H"]
[Black "Shachar,E"]
[Result "0-1"]
[WhiteElo "2288"]
[BlackElo "2366"]
[EventDate "2008.07.21"]

1. e4 e6 2. d4 d5 3. e5 c5 4. c3 Nc6 5. Nf3 Nge7 6. a3 cxd4 7. cxd4 Nf5 8.
b4 Bd7 9. Bb2 Rc8 10. Bd3 Qb6 11. Bxf5 exf5 12. Nc3 Be6 13. O-O Be7 14. Na4
Qd8 15. Nc5 b6 16. Nd3 g5 17. Nd2 f4 18. Rc1 Qd7 19. Nb3 O-O 20. f3 Bf5 21.
Qd2 Nd8 22. Rxc8 Qxc8 23. Rc1 Qd7 24. Na1 Ne6 25. Nc2 Rc8 26. Nce1 Rxc1 27.
Qxc1 Qa4 28. Kf2 Kg7 29. Ke2 a5 30. Qc3 Qb5 31. Kd2 h5 32. Kd1 g4 33. Bc1
Bg5 34. Bd2 h4 35. fxg4 Bxg4+ 36. Kc1 Be2 37. bxa5 bxa5 38. Nc5 Nxc5 39.
dxc5 Bc4 40. Nf3 Be7 41. Qxa5 Qxa5 42. Bxa5 Bxc5 43. Bd2 Bxa3+ 44. Kc2 Be7
45. Bxf4 Bf1 46. g3 h3 47. Kd2 Bc5 48. Nh4 d4 49. Ke1 Bd3 50. Nf3 Be4 51.
Kf2 Bf5 52. Nd2 Bg4 53. Nb3 Bb6 54. e6 f6 55. e7 Kf7 56. Bd6 d3+ 57. Ke1
Be3 58. Bb4 Be6 59. Nd2 Bd5 60. Nf1 Bg1 61. Ba3 Bg2 62. Bb4 f5 63. Nd2 Bd5
64. Nf1 Bf3 65. Ba3 Be2 0-1

[Event "41st Festival MTO"]
[Site "Biel SUI"]
[Date "2008.07.30"]
[Round "9"]
[White "Loetscher,R"]
[Black "Ulibin,M"]
[Result "0-1"]
[WhiteElo "2375"]
[BlackElo "2520"]
[EventDate "2008.07.21"]

1. d4 e6 2. c4 f5 3. g3 Nf6 4. Bg2 c6 5. Qc2 d5 6. Nh3 Bd6 7. Nd2 O-O 8.
Nf3 b6 9. O-O Ne4 10. Bf4 Bb7 11. Rac1 Nd7 12. Bxd6 Nxd6 13. Nf4 Qe7 14.
cxd5 exd5 15. Nd3 Rac8 16. b4 Nc4 17. Nb2 Ba6 18. Nd3 Rfe8 19. Rfe1 g6 20.
Qa4 Bb5 21. Qb3 a5 22. a4 Ba6 23. b5 cxb5 24. axb5 Bb7 25. Rc3 Nf6 26. Rec1
Ne4 27. R3c2 Qa3 28. Qb1 Kf8 29. Bf1 Qd6 30. Qb3 Qa3 31. Qb1 Qd6 32. Qb3
Na3 33. Rxc8 Rxc8 34. Nc5 bxc5 35. Qxa3 c4 36. Qxa5 Ra8 37. Qe1 Ra2 38. Ne5
Qa3 39. Kh1 Nxf2+ 40. Kg1 Ne4 41. Kh1 Ke8 42. Bg2 Rxe2 43. Qxe2 Qxc1+ 44.
Bf1 Qd2 45. Qxd2 Nxd2 46. Kg1 Nb3 47. Nf3 g5 48. Nxg5 c3 49. Bd3 Nxd4 50.
Nxh7 c2 51. Bxc2 Nxc2 52. Kf2 Ke7 53. h3 d4 54. Ke2 Na3 55. b6 Be4 56. Ng5
d3+ 57. Kd1 Kd7 58. g4 Nc4 59. gxf5 Bxf5 60. b7 Kc7 61. Nf3 Bg6 62. Nh2
Bh5+ 63. Ng4 Kxb7 64. Kc1 Bxg4 65. hxg4 Kc7 0-1

[Event "41st Festival MTO"]
[Site "Biel SUI"]
[Date "2008.07.31"]
[Round "10"]
[White "Raetsky,A"]
[Black "Domont,A"]
[Result "1-0"]
[WhiteElo "2421"]
[BlackElo "2326"]
[EventDate "2008.07.21"]

1. d4 Nf6 2. c4 e6 3. Nc3 c5 4. d5 exd5 5. cxd5 d6 6. Nf3 g6 7. Bg5 h6 8.
Bh4 Bg7 9. e3 O-O 10. Nd2 Nbd7 11. Be2 a6 12. a4 b6 13. O-O Rb8 14. f4 Qc7
15. e4 Nh7 16. Nf3 Ndf6 17. h3 Re8 18. e5 Nd7 19. Bc4 g5 20. Ne4 gxh4 21.
Nxd6 Rf8 22. Nxh4 b5 23. axb5 axb5 24. Nxb5 Qd8 25. Qh5 Nb6 26. b3 Nxd5 27.
Rad1 Be6 28. Bxd5 Bxd5 29. Nc3 Rxb3 30. Nxd5 Kh8 31. Nf5 Qa8 32. Nxh6 Rb2
33. Nxf7+ Kg8 34. Ne7+ 1-0

[Event "41st Festival MTO"]
[Site "Biel SUI"]
[Date "2008.07.31"]
[Round "10"]
[White "Klauser,M"]
[Black "Jenni,F"]
[Result "0-1"]
[WhiteElo "2394"]
[BlackElo "2544"]
[EventDate "2008.07.21"]

1. e4 e5 2. Nf3 Nc6 3. Bc4 Bc5 4. O-O Nf6 5. d4 exd4 6. e5 d5 7. exf6 dxc4
8. fxg7 Rg8 9. Re1+ Be6 10. Bg5 Qd5 11. Nc3 Qf5 12. Ne4 Rxg7 13. Nh4 Rxg5
14. Nxf5 Rxf5 15. Nxc5 Rxc5 16. b3 c3 17. b4 Rd5 18. a3 O-O-O 19. Qe2 Bf5
20. Rac1 Ne5 21. Qh5 Bg6 22. Qh3+ Kb8 23. Qg3 f6 24. h3 a6 25. Red1 R8d7
26. Kh2 b5 27. Qf4 R5d6 28. Re1 d3 29. cxd3 Nxd3 30. Qe3 c2 31. Rxc2 Nxe1
32. Re2 Nd3 33. Qh6 Kb7 34. Qf8 Nf4 35. Re3 Rd2 36. Rf3 Nd5 37. Kg3 Be4 38.
Rb3 f5 39. f3 f4+ 40. Kh2 0-1

[Event "41st Festival MTO"]
[Site "Biel SUI"]
[Date "2008.07.31"]
[Round "10"]
[White "Hausrath,D"]
[Black "Weindl,A"]
[Result "1-0"]
[WhiteElo "2491"]
[BlackElo "2352"]
[EventDate "2008.07.21"]

1. Nf3 Nf6 2. g3 g6 3. Bg2 Bg7 4. O-O O-O 5. d4 d6 6. Re1 Nbd7 7. e4 e5 8.
Nc3 c6 9. a4 a5 10. h3 exd4 11. Nxd4 Re8 12. Bf4 Ne5 13. b3 Bd7 14. Be3 Qc8
15. Kh2 h5 16. f4 h4 17. gxh4 Nh5 18. Qd2 c5 19. Nf3 Nxf3+ 20. Bxf3 Bxh3
21. Rg1 Nf6 22. f5 d5 23. fxg6 d4 24. Bh6 Re7 25. gxf7+ Rxf7 26. Rxg7+ Rxg7
27. Bxg7 Qc7+ 28. Kxh3 dxc3 29. Qg5 Qxg7 30. Rg1 Qxg5 31. Rxg5+ Kf7 32.
Rxc5 Nd7 33. Rc7 Ke8 34. Bh5+ Kd8 35. Rxc3 Ra6 36. Bg4 1-0

[Event "41st Festival MTO"]
[Site "Biel SUI"]
[Date "2008.07.31"]
[Round "10"]
[White "Shachar,E"]
[Black "Kovacevic,A"]
[Result "1/2-1/2"]
[WhiteElo "2366"]
[BlackElo "2585"]
[EventDate "2008.07.21"]

1. e4 c5 2. Nf3 d6 3. c3 Nf6 4. Be2 Bg4 5. O-O e6 6. Re1 Nc6 7. d4 cxd4 8.
cxd4 d5 9. exd5 Nxd5 10. Nc3 Bb4 11. Bd2 O-O 12. a3 Be7 13. Nxd5 Qxd5 14.
Be3 Rfd8 15. Rc1 Bf6 16. Qa4 a6 17. Red1 b5 18. Qc2 Ne7 19. h3 Bf5 20. Qc7
Qa2 21. Qc3 Nd5 22. Qd2 Rac8 23. Rxc8 Rxc8 24. Rc1 Rxc1+ 25. Qxc1 h6 26.
Bd1 Nxe3 27. fxe3 g5 28. Nd2 Qd5 29. Bf3 Qd6 30. b4 Kg7 31. Kf2 Qh2 32. Nf1
Qd6 33. Qc6 1/2-1/2

[Event "41st Festival MTO"]
[Site "Biel SUI"]
[Date "2008.07.31"]
[Round "10"]
[White "Misiano,F"]
[Black "Tairova,E"]
[Result "0-1"]
[WhiteElo "2269"]
[BlackElo "2417"]
[EventDate "2008.07.21"]

1. e4 c5 2. Nf3 d6 3. d4 cxd4 4. Nxd4 Nf6 5. Nc3 a6 6. Bg5 e6 7. f4 Qc7 8.
Qf3 b5 9. O-O-O b4 10. e5 Bb7 11. Bb5+ axb5 12. Ncxb5 Qc8 13. Qe2 Ne4 14.
exd6 Rxa2 15. Kb1 Ra5 16. Bh4 g6 17. f5 exf5 18. Nb3 Rxb5 19. Qxb5+ Nd7 20.
Rhe1 Bg7 21. Be7 Qc6 22. Qxb4 Qb6 23. Qa3 Be5 24. Rd3 f6 25. Na5 Ba6 26.
Rb3 Nd2+ 27. Ka2 Nxb3 28. cxb3 Kf7 29. b4 Rb8 30. Qb3+ Kg7 31. Rc1 Qxb4 32.
Qxb4 Rxb4 33. b3 Rb5 34. Nc6 Rd5 35. Nxe5 fxe5 36. Rc7 Bb5 37. Ka3 Kf7 38.
Kb4 Ke6 39. Rc8 e4 40. Rh8 h5 41. Rg8 Ne5 42. Bg5 Bd7 43. Rg7 Kxd6 44. Bf4
Ke6 0-1

[Event "41st Festival MTO"]
[Site "Biel SUI"]
[Date "2008.07.31"]
[Round "10"]
[White "Narayanan,Sr"]
[Black "Bindrich,F"]
[Result "0-1"]
[WhiteElo "2220"]
[BlackElo "2516"]
[EventDate "2008.07.21"]

1. e4 c5 2. Nf3 d6 3. d4 cxd4 4. Nxd4 Nf6 5. Nc3 a6 6. Bc4 e6 7. Bb3 Be7 8.
g4 h6 9. Be3 Nc6 10. Rg1 Na5 11. Qe2 g6 12. O-O-O e5 13. Nf5 Nxb3+ 14. axb3
gxf5 15. exf5 Qa5 16. Kb1 Bd7 17. f4 Bc6 18. fxe5 dxe5 19. Rge1 Nd7 20. Qc4
Qb4 21. Qd3 O-O-O 22. Nd5 Bxd5 23. Qxd5 Bh4 24. Rf1 Qe7 25. Qc4+ Kb8 26.
Rd5 Ka8 27. Qc7 Nb8 28. Rxd8 Rxd8 29. Qxe7 Bxe7 30. Bxh6 Rh8 31. g5 Nc6 32.
g6 f6 33. c3 Kb8 34. h4 Bd8 35. g7 Rg8 36. h5 Ne7 37. Kc2 Kc7 38. Kd3 Kd7
39. Ke4 Nc8 40. Kf3 Nd6 41. Rd1 Ke7 42. Bg5 Nf7 43. h6 fxg5 44. Rh1 Kf6 45.
Ke4 g4 0-1

[Event "41st Festival MTO"]
[Site "Biel SUI"]
[Date "2008.07.31"]
[Round "10"]
[White "Al Sayed,Mohamad"]
[Black "Burnier,D"]
[Result "1/2-1/2"]
[WhiteElo "2470"]
[BlackElo "2343"]
[EventDate "2008.07.21"]

1. d4 d5 2. c4 c6 3. Nc3 Nf6 4. Nf3 e6 5. Bg5 h6 6. Bxf6 Qxf6 7. e3 Nd7 8.
Bd3 dxc4 9. Bxc4 g6 10. O-O Bg7 11. e4 e5 12. Re1 O-O 13. d5 Nb6 14. Bb3
Rd8 15. h3 Bd7 16. Qe2 Bf8 17. Nh2 Bb4 18. Qe3 Kg7 19. dxc6 bxc6 20. a3 Bd6
21. Rac1 Rab8 22. Re2 Be6 23. Ng4 Bxg4 24. hxg4 Qh4 25. Qf3 Qe7 26. Rec2
Bc5 27. Na4 Nxa4 28. Bxa4 Bd4 29. b4 a5 30. Bxc6 axb4 31. axb4 Rxb4 32. Bd5
Rd7 33. g3 Rb6 34. Rc6 Rb2 35. R1c2 Rb1+ 36. Rc1 Rdb7 37. Kg2 Rxc1 38. Rxc1
Rb2 39. Rf1 Qa7 40. Kg1 Rd2 41. Kg2 Rc2 42. Qb3 Rb2 43. Qf3 Qd7 44. Kg1 Rc2
45. Kg2 Rc3 46. Qe2 Qa4 47. Qa2 Qd7 48. Qe2 Qc7 49. Qb5 Qe7 50. Qe2 Bb6 51.
Rb1 Qc5 52. Rb2 Qd4 1/2-1/2

[Event "41st Festival MTO"]
[Site "Biel SUI"]
[Date "2008.07.31"]
[Round "10"]
[White "Ulibin,M"]
[Black "Hug,W"]
[Result "1/2-1/2"]
[WhiteElo "2520"]
[BlackElo "2437"]
[EventDate "2008.07.21"]

1. e4 e6 2. d4 d5 3. Nd2 c5 4. Ngf3 cxd4 5. Nxd4 Nc6 6. Bb5 Bd7 7. Nxc6
Bxc6 8. Bxc6+ bxc6 9. c4 dxe4 10. Nxe4 Bb4+ 11. Bd2 Bxd2+ 12. Qxd2 Qxd2+
13. Kxd2 Ke7 14. Kc3 Nf6 15. Nxf6 Kxf6 16. Kd4 Rhd8+ 17. Kc5 Rd2 18. b4 Rc8
19. Rhf1 Ke7 20. a3 g5 21. Rad1 Re2 22. Rde1 Rc2 23. g4 Rd8 24. Rc1 Ra2 25.
Kxc6 Rxa3 26. Rfd1 Ra6+ 27. Kc7 Rxd1 28. Rxd1 Ra4 29. Rd7+ Ke8 30. c5 Rxb4
31. Rd8+ Ke7 32. Rd7+ Ke8 33. c6 a5 34. Rd8+ Ke7 35. Rd7+ Ke8 36. Kc8 Rb6
37. c7 a4 38. Rd8+ Ke7 39. Rd7+ Ke8 40. Rd4 a3 41. Ra4 Rb3 42. Ra7 Ke7 43.
Ra8 h6 44. Ra7 Rc3 45. Kb7 Rb3+ 46. Kc6 Rc3+ 47. Kb7 Rb3+ 48. Kc6 Rc3+
1/2-1/2

[Event "41st Festival MTO"]
[Site "Biel SUI"]
[Date "2008.07.31"]
[Round "10"]
[White "Gleizerov,E"]
[Black "Mas,H"]
[Result "1-0"]
[WhiteElo "2549"]
[BlackElo "2386"]
[EventDate "2008.07.21"]

1. d4 Nf6 2. c4 e6 3. g3 d5 4. Nf3 Bb4+ 5. Bd2 Be7 6. Bg2 c6 7. O-O Nbd7 8.
Qb3 b6 9. Nc3 O-O 10. cxd5 exd5 11. Rad1 Re8 12. Bf4 Ba6 13. Rfe1 Bc4 14.
Qc2 Bb4 15. Ne5 Nxe5 16. dxe5 Nh5 17. a3 Nxf4 18. gxf4 Bf8 19. Ne4 Qh4 20.
e3 Re6 21. Nd2 Ba6 22. Nf3 Qh5 23. f5 Rh6 24. Rd4 Be7 25. h3 Bc8 26. e6 Bb7
27. exf7+ Qxf7 28. Ne5 Qf8 29. e4 Bd6 30. exd5 c5 31. Rdd1 Bc8 32. Ng4 Rh5
33. f6 gxf6 34. Re8 Qxe8 35. Nxf6+ Kf8 36. Nxe8 Kxe8 37. Re1+ Kd8 38. Qc3
Rf5 39. Qh8+ Rf8 40. Qxh7 Bd7 41. h4 Kc7 42. Bh3 Rad8 43. Re7 Bxe7 44. Qxe7
Rg8+ 45. Kh2 Kc8 46. d6 Rh8 47. Kg3 Rhg8+ 48. Kf4 Rgf8+ 49. Ke3 Rh8 50. h5
1-0

[Event "41st Festival MTO"]
[Site "Biel SUI"]
[Date "2008.08.01"]
[Round "11"]
[White "Grachev,B"]
[Black "Bauer,Ch"]
[Result "1/2-1/2"]
[WhiteElo "2640"]
[BlackElo "2583"]
[EventDate "2008.07.21"]

1. d4 d5 2. Bf4 Nf6 3. e3 c5 4. c3 Nc6 5. Nd2 Bg4 6. Qb3 Qd7 7. h3 Bh5 8.
Ngf3 c4 9. Qc2 Bg6 10. Qc1 Rc8 11. Be2 e6 12. O-O b5 13. Bd1 Bd6 1/2-1/2

[Event "41st Festival MTO"]
[Site "Biel SUI"]
[Date "2008.08.01"]
[Round "11"]
[White "Al Sayed,Mohamad"]
[Black "Weisbuch,U"]
[Result "1-0"]
[WhiteElo "2470"]
[BlackElo "2315"]
[EventDate "2008.07.21"]

1. e4 e6 2. d4 d5 3. Nc3 Nf6 4. e5 Nfd7 5. f4 c5 6. Nf3 Nc6 7. Be3 b6 8.
Qd2 a6 9. O-O-O c4 10. f5 b5 11. fxe6 fxe6 12. Ng5 Nb6 13. Qf2 Ra7 14. Be2
b4 15. Nb1 Na4 16. Rdf1 Qa5 17. Bh5+ Kd8 18. Nf7+ Rxf7 19. Qxf7 Be7 20.
Qxg7 Re8 21. Bxe8 Kxe8 22. Bg5 c3 23. bxc3 bxc3 24. Bxe7 Nxe7 25. Qf8+ Kd7
26. Rf7 Qb4 27. Rxe7+ Qxe7 28. Qxe7+ Kxe7 29. Rf1 Bd7 30. Rf3 1-0

[Event "41st Festival MTO"]
[Site "Biel SUI"]
[Date "2008.08.01"]
[Round "11"]
[White "Bindrich,F"]
[Black "Nezad,H"]
[Result "1-0"]
[WhiteElo "2516"]
[BlackElo "2372"]
[EventDate "2008.07.21"]

1. d4 d5 2. c4 e6 3. Nc3 c6 4. Nf3 Nf6 5. Bg5 h6 6. Bxf6 Qxf6 7. e3 Nd7 8.
Rc1 g6 9. Bd3 dxc4 10. Bxc4 Bg7 11. O-O O-O 12. Ne4 Qe7 13. Bb3 b6 14. Ba4
c5 15. Bc6 Rb8 16. Qa4 Nf6 17. Rfd1 Rd8 18. dxc5 Rxd1+ 19. Rxd1 Nxe4 20.
Qxe4 bxc5 21. b3 Ba6 22. Qa4 Rb6 23. Rd7 Qf6 24. h3 Qa1+ 25. Kh2 c4 26. Be4
Be5+ 27. g3 Bf6 28. Rc7 Bb5 29. Rc8+ Kh7 30. Qxa7 Kg7 31. Qa3 Bd8 32. Rxd8
1-0

[Event "41st Festival MTO"]
[Site "Biel SUI"]
[Date "2008.08.01"]
[Round "11"]
[White "Tyukhanov,A"]
[Black "Hassan,Ab"]
[Result "1-0"]
[WhiteElo "2181"]
[BlackElo "2334"]
[EventDate "2008.07.21"]

1. e4 e6 2. b3 d5 3. Bb2 Nf6 4. e5 Nfd7 5. Qg4 c5 6. Nf3 Nc6 7. Bb5 g6 8.
Bxc6 bxc6 9. O-O h5 10. Qg3 Ba6 11. Re1 Be7 12. h4 c4 13. Nc3 Nc5 14. bxc4
Bxc4 15. d3 Ba6 16. Bc1 Rb8 17. Ne2 Qa5 18. Ned4 Qa4 19. Bd2 Rb2 20. Rab1
Rxb1 21. Rxb1 Nd7 22. Nxe6 fxe6 23. Qxg6+ Kd8 24. Qxe6 Qxa2 25. Re1 Qa4 26.
Bg5 Re8 27. Qd6 Bxg5 28. hxg5 Kc8 29. e6 Nb6 30. e7 Bb7 31. g6 Nd7 32. Rb1
c5 33. Qe6 Qc6 34. Qf7 Nf6 35. Re1 Ng8 36. Ne5 Qa4 37. Qe6+ Kc7 38. Nf7 Qd7
39. Qe5+ Kc6 40. Nd8+ Rxd8 41. exd8=Q Qxd8 42. Qe6+ Kc7 43. Qf7+ Kb6 44.
Rb1+ 1-0

[Event "41st Festival MTO"]
[Site "Biel SUI"]
[Date "2008.08.01"]
[Round "11"]
[White "Mas,H"]
[Black "Cebalo,M"]
[Result "1-0"]
[WhiteElo "2386"]
[BlackElo "2523"]
[EventDate "2008.07.21"]

1. e4 c5 2. f4 Nc6 3. Nf3 g6 4. Bb5 Bg7 5. Bxc6 bxc6 6. d3 d6 7. O-O Rb8 8.
Nc3 Nh6 9. Qe1 f5 10. e5 O-O 11. b3 Qc7 12. Bb2 Nf7 13. Na4 Nd8 14. Qh4 Ne6
15. Rae1 d5 16. Ng5 Nxg5 17. Qxg5 c4 18. Ba3 Rf7 19. Rd1 cxb3 20. axb3 Rb5
21. Bc5 Bf8 22. d4 Ba6 23. Rfe1 Ra5 24. Ra1 Bc8 25. Qg3 Qb8 26. Qc3 Qb5 27.
Qb2 Qb8 28. Ra3 Bh6 29. Qc3 Ra6 30. Qd2 Bf8 31. Rea1 Rg7 32. Nb2 Rxa3 33.
Rxa3 a6 34. Nd3 h6 35. Qa5 g5 36. Qd8 Qb7 37. Ra4 Qd7 38. Qxd7 Bxd7 39.
Rxa6 Kf7 40. Ra8 Rg8 41. Kf2 Be6 42. Nb4 Bd7 43. Rd8 1-0

[Event "41st Festival MTO"]
[Site "Biel SUI"]
[Date "2008.08.01"]
[Round "11"]
[White "Narayanan,Sr"]
[Black "Shachar,E"]
[Result "1-0"]
[WhiteElo "2220"]
[BlackElo "2366"]
[EventDate "2008.07.21"]

1. e4 e6 2. d4 d5 3. e5 c5 4. c3 Nc6 5. Nf3 Nge7 6. Na3 cxd4 7. cxd4 Nf5 8.
Nc2 Bd7 9. Be2 Nh4 10. Nxh4 Qxh4 11. O-O f5 12. b4 Qd8 13. b5 Na5 14. Qd3
Be7 15. Qg3 g6 16. Bh6 Qb6 17. Bg7 Rg8 18. Bf6 Bxf6 19. exf6 Rf8 20. Qe5
Qd8 21. Nb4 Qxf6 22. Qc7 Qd8 23. Qe5 Qb8 24. Qe3 Qd6 25. Nd3 Nc4 26. Qh6
O-O-O 27. b6 axb6 28. a4 Kb8 29. Rfb1 Bc6 30. a5 bxa5 31. Nc5 Rf7 32. Qc1
e5 33. Bxc4 dxc4 34. Rxa5 Qxd4 35. Ne6 Qg4 36. f3 Bxf3 37. Qb2 Rd5 38. Rxd5
Bxd5 39. Qxe5+ Ka7 40. Ra1+ Kb6 41. Qd6+ 1-0

[Event "41st Festival MTO"]
[Site "Biel SUI"]
[Date "2008.08.01"]
[Round "11"]
[White "Ivanisevic,I"]
[Black "Kim,Alex"]
[Result "1-0"]
[WhiteElo "2664"]
[BlackElo "2460"]
[EventDate "2008.07.21"]

1. d4 d5 2. c4 c6 3. Nf3 Nf6 4. Nc3 e6 5. g3 dxc4 6. Bg2 b5 7. Ne5 Qb6 8.
O-O Be7 9. e4 O-O 10. Be3 a5 11. a4 Ba6 12. d5 Bc5 13. axb5 Bxe3 14. Nxc4
Qc5 15. Nxe3 Bxb5 16. Nxb5 Qxb5 17. dxe6 fxe6 18. Qd6 Re8 19. Bh3 Nxe4 20.
Bxe6+ Kh8 21. Qd4 Nf6 22. Bf7 Rf8 23. Bc4 Qb4 24. Nf5 Nbd7 25. Rfe1 Nb6 26.
Be6 Nbd5 27. Bxd5 Qxd4 28. Nxd4 cxd5 29. Re7 Rfb8 30. b3 Ne4 31. Rc1 a4 32.
bxa4 Rxa4 33. Ne6 Ra2 34. Rb7 Rg8 35. Rf7 Re2 36. Rc6 Nf6 37. h3 Re5 38. g4
d4 39. Nxd4 Ne4 40. Rcc7 Ng5 41. Rfe7 Nxh3+ 42. Kg2 Nf4+ 43. Kg3 Rxe7 44.
Rxe7 Nd5 45. Rf7 Nf6 46. Ne6 h6 47. f3 Nh7 48. f4 Nf6 49. Kh4 Ne4 50. f5
Nd6 51. Rd7 Ne4 52. Re7 g6 53. fxg6 Nf6 54. g7+ 1-0